Politics in sub-Saharan Africa / (Record no. 1716)

MARC details
000 -LEADER
fixed length control field 00786pam a2200253 a 4500
001 - CONTROL NUMBER
control field 3804612
003 - CONTROL NUMBER IDENTIFIER
control field OSt
005 - DATE AND TIME OF LATEST TRANSACTION
control field 20230620131241.0
008 - FIXED-LENGTH DATA ELEMENTS--GENERAL INFORMATION
fixed length control field 850418s1985 enkb b 001 0 eng
010 ## - LIBRARY OF CONGRESS CONTROL NUMBER
LC control number 85008520
020 ## - INTERNATIONAL STANDARD BOOK NUMBER
International Standard Book Number 0435080083 (Heinemann : pbk.) :
Terms of availability $10.00 (est.)
040 ## - CATALOGING SOURCE
Original cataloging agency DLC
Transcribing agency DLC
Modifying agency DLC
043 ## - GEOGRAPHIC AREA CODE
Geographic area code fb-----
082 00 - DEWEY DECIMAL CLASSIFICATION NUMBER
Classification number 320.96
Item number TAN
100 1# - MAIN ENTRY--PERSONAL NAME
Personal name Tangri, Roger K.
245 10 - TITLE STATEMENT
Title Politics in sub-Saharan Africa /
Statement of responsibility, etc. Roger Tangri.
260 ## - PUBLICATION, DISTRIBUTION, ETC. (IMPRINT)
Place of publication, distribution, etc. London :
Name of publisher, distributor, etc. J. Currey ;
Place of publication, distribution, etc. Portsmouth, N.H. :
Name of publisher, distributor, etc. Heinemann,
Date of publication, distribution, etc. 1985.
300 ## - PHYSICAL DESCRIPTION
Extent xi, 156 p. :
Other physical details map ;
Dimensions 22 cm.
500 ## - GENERAL NOTE
General note Includes index.
504 ## - BIBLIOGRAPHY, ETC. NOTE
Bibliography, etc Bibliography: p. 150-153.
651 #0 - SUBJECT ADDED ENTRY--GEOGRAPHIC NAME
Geographic name Africa, Sub-Saharan
General subdivision Politics and government
Chronological subdivision 1960-
906 ## - LOCAL DATA ELEMENT F, LDF (RLIN)
a 7
b cbc
c orignew
d 1
e ocip
f 19
g y-gencatlg
942 ## - ADDED ENTRY ELEMENTS (KOHA)
Source of classification or shelving scheme Dewey Decimal Classification
Koha item type Books
Holdings
Withdrawn status Lost status Source of classification or shelving scheme Damaged status Not for loan Home library Current library Date acquired Total Checkouts Full call number Barcode Date last seen Price effective from Koha item type
    Dewey Decimal Classification     County Hall Archives County Hall Archives 06/20/2023   320.96 TAN 10000116 06/20/2023 06/20/2023 Books
LIBRARY OPENING HOURS

When the Parliament is sitting: 8.00a.m - 7.00p.m or until the house adjourns
Mondays and Fridays and when the House is on Recess:  8.00a.m - 5.00p.m
Closed on Weekends and Public Holidays

Online Public Access Catalog (OPAC)
Website: http://www.parliament.go.ke
Bunge Library: https://libraryir.parliament.go.ke
Contact: library@parliament.go.ke | Tel no: (254-2)2221291 or 2848000 Ext 5043